00499nam a2200193 a 4500001001300000003000900013005001700022008004100039020002300080082001800103100001800121245003900139260004100178300000900219500003500228505001000263650001400273700001800287nice12345678IN_TiNIC20260116014440.0050524s2004 newa grp 000 0 eng  a0761959 c29500a362.1969bNAR aNarainjai P,  aAIDS in Asiab the Challenge Ahead aNew Delhi bSage Publications c2004 a395p aincludes index and biblioraphy2 aIndex aAids-Asia1 aNarainjai P,